| 000 | 00701nam a22002297a 4500 | ||
|---|---|---|---|
| 003 | UA-OsUOA | ||
| 001 | 27960 | ||
| 007 | ta | ||
| 008 | 20040916b un ||||| |||| 00| 0 ukr d | ||
| 090 |
_a016:94(477) _bШ34 |
||
| 942 | _cBK | ||
| 040 |
_aUA-OsUOA _bukr _cUA-OsUOA _dUA-OsUOA |
||
| 245 |
_aШвидько Ганна Кирилівна.До 60-річчя від дня народження _bБібліографічний покажчик |
||
| 300 | _a70 с. | ||
| 955 | _a0 | ||
| 041 | _aukr | ||
| 080 | _a016:94(477) | ||
| 260 |
_aДніпропетровськ _bНаціональний гірничий університет _c2004 |
||
| 044 | _aUA | ||
| 650 | 7 | _2UDC | |
| 999 |
_c314312 _d314312 |
||